000 00518nmm a2200157Ia 4500
008 251105s9999||||xx |||||||||||||||||und||
020 _a9789580614036
041 _aspa
100 _aManrique Focaccio, Ramón
245 0 _aUna hermosa cárcel llamada tierra: ¡El secreto de Fátima que la Iglesia nunca publicó!
264 _a[Bogotá, Colombia] :
_bOveja Negra,
_c2018
300 _a104 páginas
650 _aLatin American narrative
856 _uhttps://public.digitaliapublishing.com/a/63919
942 _cCF
999 _c95040
_d95040